Italian players in Premier League (2000-) - Statistics

General Stats
  • This quiz has been taken 151 times
  • The average score is 22 of 70
Answer Stats
Ranking Player Positions Nationality Matches Goals (assists) Periods Clubs % Correct
2 Jorginho MF 196 21 (8) 2018-2025
97%
14 Guglielmo Vicario GK 62 0 (0) 2023-2025
92%
12 Mario Balotelli FW 70 21 (1) 2010-2012, 2014-2015
90%
6 Gianfranco Zola FW 109 26 (15) 2000-2003
86%
1 Angelo Ogbonna DF 201 8 (1) 2015-2024
82%
21 Sandro Tonali MF 44 5 (2) 2023-2025
78%
15 Matteo Darmian DF, MF 60 1 (0) 2015-2019
76%
4 Emerson Palmieri DF, MF 122 4 (4) 2017-2025
75%
60 Federico Chiesa DF, MF, FW 6 0 (0) 2024-2025
75%
13 Graziano Pellè FW 68 23 (8) 2014-2016
75%
39 Riccardo Calafiori DF 19 2 (1) 2024-2025
70%
18 Destiny Udogie DF 53 2 (4) 2023-2025
68%
5 Fabio Borini DF, MF, FW 111 16 (5) 2009-2010, 2012-2017
68%
7 Paolo Di Canio FW 106 32 (28) 2000-2004
68%
3 Carlo Cudicini GK 160 0 (0) 2000-2011
54%
37 Federico Macheda FW 22 4 (2) 2008-2012
53%
31 Davide Zappacosta DF, MF 26 1 (1) 2017-2019
50%
43 Gianluca Scamacca FW 16 3 (0) 2022-2023
49%
24 Moise Kean FW 32 2 (2) 2019-2022
46%
10 Vito Mannone GK 82 0 (0) 2008-2009, 2012-2017
45%
42 Alberto Aquilani MF 18 1 (6) 2009-2010
44%
36 Wilfried Gnonto MF, FW 24 2 (4) 2022-2023
44%
45 Giuseppe Rossi FW 16 1 (0) 2005-2007
37%
33 Nicolò Zaniolo MF, FW 25 2 (0) 2023-2024
37%
19 Manolo Gabbiadini MF, FW 51 10 (0) 2016-2019
34%
59 Roberto Di Matteo MF 7 0 (1) 2000-2001
34%
9 Davide Santon DF 82 1 (3) 2011-2014
32%
58 Simone Zaza MF, FW 8 0 (0) 2016-2017
30%
47 Patrick Cutrone FW 14 2 (0) 2019-2021
26%
50 Cesare Casadei MF, FW 11 0 (0) 2023-2024
25%
40 Caleb Okoli DF 19 1 (0) 2024-2025
23%
49 Michael Kayode DF, FW 12 0 (1) 2024-2025
23%
23 Emanuele Giaccherini MF, FW 32 4 (4) 2013-2015
22%
61 Roberto Mancini FW 4 0 (0) 2000-2001
22%
34 Andrea Dossena DF, MF 25 1 (0) 2008-2009, 2013-2014
21%
11 Massimo Maccarone FW 81 18 (8) 2002-2003, 2005-2007
20%
38 Rolando Bianchi FW 19 4 (1) 2007-2008
19%
25 Fabrizio Ravanelli FW 31 9 (3) 2001-2002
18%
46 Luca Koleosho DF, MF, FW 15 1 (1) 2023-2024
18%
17 Samuele Dalla Bona MF 53 6 (3) 2000-2002
18%
20 Stefano Okaka FW 47 7 (2) 2009-2010, 2016-2019
18%
48 Dani Osvaldo FW 13 3 (0) 2013-2014
16%
26 Alessandro Diamanti MF, FW 31 7 (3) 2009-2010, 2015-2016
15%
44 Andrea Ranocchia DF 16 2 (2) 2016-2017
13%
16 Benito Carbone FW 57 7 (12) 2000-2002
13%
55 Christian Panucci DF 8 0 (0) 2000-2001
13%
32 Bernardo Corradi FW 25 3 (2) 2006-2007
12%
8 Alessandro Pistone DF 103 1 (2) 2000-2006
11%
63 Gabriel Paletta DF 3 0 (0) 2006-2007
10%
56 Marco Ambrosio GK 8 0 (0) 2003-2004
8%
66 Marco Borriello FW 2 0 (0) 2013-2014
8%
51 Alberto Paloschi FW 10 2 (0) 2015-2016
7%
53 Antonio Nocerino MF 10 0 (0) 2013-2014
7%
68 Arturo Lupoli FW 1 0 (0) 2005-2006
7%
41 Lorenzo Amoruso DF 18 3 (0) 2003-2005
7%
64 Rodrigo Possebon MF 3 0 (0) 2008-2009
7%
52 Vincenzo Montella FW 10 2 (0) 2006-2007
7%
54 Dino Baggio MF 9 1 (0) 2003-2004
6%
30 Ezequiel Schelotto DF, MF 28 0 (0) 2017-2018, 2019-2020
6%
62 Nicola Ventola FW 3 1 (0) 2004-2005
6%
69 Daniele Padelli GK 1 0 (0) 2006-2007
5%
27 David Di Michele FW 30 4 (3) 2008-2009
5%
57 Matteo Ferrari DF 8 0 (0) 2005-2006
5%
67 Antonio Barreca DF, MF, FW 1 0 (0) 2018-2019
4%
28 Corrado Grabbi FW 30 2 (4) 2001-2004
4%
22 Gianluca Festa DF 33 3 (0) 2000-2002
4%
70 Marcello Trotta FW 1 0 (0) 2011-2012
4%
29 Stefano Eranio MF 28 2 (6) 2000-2001
4%
35 Matteo Sereni GK 25 0 (0) 2001-2002
3%
65 Daniele Daino DF 2 0 (0) 2001-2002
2%
No matching quizzes found
Score Distribution
Percent of People with Each Score
Percentile by Number Answered
Your Score History
You have not taken this quiz